Manual Kualiti Prosedur (proses), prosuder kualiti (sokongan) : 1 Ogos 2004 [

Bibliographic Details
Corporate Author: Institut Penilaian Negara
Format: Book
Published: Bangi : Institut Penilaian Negara , 2005
Subjects:
ISO

MARC

LEADER 00000cam a2200000 7i4500
001 0000021460
005 20080512.0
040 |a INS 
090 0 0 |a CD 328 
245 0 0 |a Manual Kualiti Prosedur (proses), prosuder kualiti (sokongan) :   |b 1 Ogos 2004 [  |h sumber elektronik] 
260 |a Bangi :   |b Institut Penilaian Negara ,   |c 2005 
300 |a 1 cakera komputer optical :   |b ill. ;   |c 4 3/4 in. 
650 0 0 |a ISO 
710 1 |a Institut Penilaian Negara 
999 |a CD00000328   |b CD-ROM   |c Media Collection   |e Default branch